<?xml version="1.0" encoding="UTF-8"?><?xml-stylesheet type="text/xsl" href="static/style.xsl"?><OAI-PMH xmlns="http://www.openarchives.org/OAI/2.0/" xmlns:xsi="http://www.w3.org/2001/XMLSchema-instance" xsi:schemaLocation="http://www.openarchives.org/OAI/2.0/ http://www.openarchives.org/OAI/2.0/OAI-PMH.xsd"><responseDate>2026-04-30T10:28:44Z</responseDate><request verb="GetRecord" identifier="oai:repisalud.isciii.es:20.500.12105/23586" metadataPrefix="marc">https://repisalud.isciii.es/rest/oai/request</request><GetRecord><record><header><identifier>oai:repisalud.isciii.es:20.500.12105/23586</identifier><datestamp>2024-11-28T22:17:43Z</datestamp><setSpec>com_20.500.12105_15322</setSpec><setSpec>com_20.500.12105_2051</setSpec><setSpec>col_20.500.12105_16967</setSpec></header><metadata><record xmlns="http://www.loc.gov/MARC21/slim" xmlns:dcterms="http://purl.org/dc/terms/" xmlns:doc="http://www.lyncode.com/xoai" xmlns:xsi="http://www.w3.org/2001/XMLSchema-instance" xsi:schemaLocation="http://www.loc.gov/MARC21/slim http://www.loc.gov/standards/marcxml/schema/MARC21slim.xsd">
   <leader>00925njm 22002777a 4500</leader>
   <datafield ind2=" " ind1=" " tag="042">
      <subfield code="a">dc</subfield>
   </datafield>
   <datafield ind2=" " ind1=" " tag="720">
      <subfield code="a">Segura-Sampedro, Juan José</subfield>
      <subfield code="e">author</subfield>
   </datafield>
   <datafield ind2=" " ind1=" " tag="720">
      <subfield code="a">Morales-Soriano, Rafael</subfield>
      <subfield code="e">author</subfield>
   </datafield>
   <datafield ind2=" " ind1=" " tag="720">
      <subfield code="a">Rodríguez-Pino, José Carlos</subfield>
      <subfield code="e">author</subfield>
   </datafield>
   <datafield ind2=" " ind1=" " tag="720">
      <subfield code="a">Pineño-Flores, Cristina</subfield>
      <subfield code="e">author</subfield>
   </datafield>
   <datafield ind2=" " ind1=" " tag="720">
      <subfield code="a">Craus-Miguel, Andrea</subfield>
      <subfield code="e">author</subfield>
   </datafield>
   <datafield ind2=" " ind1=" " tag="260">
      <subfield code="c">2023-08-26</subfield>
   </datafield>
   <datafield ind2=" " ind1=" " tag="520">
      <subfield code="a">Introduction: After extensive small and colon resections, quality of life can be affected. We propose the antiperistaltic transverse coloplasty as a solution that allows for preservation of the transverse colon after both right and left colectomies while achieving a tension-free colorectal anastomosis slowing the transit and increasing the absorption time, resulting in better stool consistency and quality of life compared with an ileorectal anastomosis. Methods: This technique was performed in a 41-year-old woman with Goblet cell adenocarcinoma of the appendix with peritoneal metastasis. The transverse colon is rotated anticlockwise over the axis of the middle colic vessels toward the left parietocolic flank and relocated to the usual position of the descending colon. Results: After 1 year of follow-up, the patient led a normal life without parenteral nutrition with five bowel movements per day and a weight gain of 15%. Conclusions: The use of an antiperistaltic transverse coloplasty may be worthwhile to perform in cases of extensive bowel resections during cytoreductive surgery leading to short-bowel syndrome to avoid a permanent stoma or intestinal failure and improve patient outcomes.</subfield>
   </datafield>
   <datafield ind1="8" ind2=" " tag="024">
      <subfield code="a">Segura-Sampedro JJ, Morales-Soriano R, Rodríguez-Pino JC, Pineño Flores C, Craus-Miguel A. Antiperistaltic Transverse Coloplasty: A Salvage Procedure in Extensive Bowel and Colorectal Resections to Avoid Intestinal Failure. Ann Surg Oncol. 2023 Aug 26.</subfield>
   </datafield>
   <datafield ind1="8" ind2=" " tag="024">
      <subfield code="a">10.1245/s10434-023-14165-0</subfield>
   </datafield>
   <datafield ind1="8" ind2=" " tag="024">
      <subfield code="a">1534-4681</subfield>
   </datafield>
   <datafield ind1="8" ind2=" " tag="024">
      <subfield code="a">Annals of surgical oncology</subfield>
   </datafield>
   <datafield ind1="8" ind2=" " tag="024">
      <subfield code="a">https://hdl.handle.net/20.500.13003/19357</subfield>
   </datafield>
   <datafield ind1="8" ind2=" " tag="024">
      <subfield code="a">37626252</subfield>
   </datafield>
   <datafield ind1="8" ind2=" " tag="024">
      <subfield code="a">L2025085262</subfield>
   </datafield>
   <datafield ind1="8" ind2=" " tag="024">
      <subfield code="a">2-s2.0-85168657234</subfield>
   </datafield>
   <datafield ind1="8" ind2=" " tag="024">
      <subfield code="a">https://hdl.handle.net/20.500.12105/23586</subfield>
   </datafield>
   <datafield ind1="8" ind2=" " tag="024">
      <subfield code="a">1064749900002</subfield>
   </datafield>
   <datafield ind2="0" ind1="0" tag="245">
      <subfield code="a">Antiperistaltic Transverse Coloplasty: A Salvage Procedure in Extensive Bowel and Colorectal Resections to Avoid Intestinal Failure</subfield>
   </datafield>
</record></metadata></record></GetRecord></OAI-PMH>